<?xml version="1.0" encoding="UTF-8"?>
<record
    xmlns:xsi="http://www.w3.org/2001/XMLSchema-instance"
    xsi:schemaLocation="http://www.loc.gov/MARC21/slim http://www.loc.gov/standards/marcxml/schema/MARC21slim.xsd"
    xmlns="http://www.loc.gov/MARC21/slim">

  <leader>00712nam a22001577a 4500</leader>
  <controlfield tag="003">OSt</controlfield>
  <controlfield tag="005">20151211162951.0</controlfield>
  <controlfield tag="008">151211b        xxu||||| |||| 00| 0 eng d</controlfield>
  <datafield tag="040" ind1=" " ind2=" ">
    <subfield code="c">RUA</subfield>
  </datafield>
  <datafield tag="082" ind1=" " ind2=" ">
    <subfield code="a">ATM PRA 2004 B201 Or.1</subfield>
  </datafield>
  <datafield tag="100" ind1=" " ind2=" ">
    <subfield code="9">4737</subfield>
    <subfield code="a">PRACH, SOKUNTHY.</subfield>
  </datafield>
  <datafield tag="245" ind1=" " ind2=" ">
    <subfield code="a">community fishery management and development in chroy chek resevoir kampongsiem district,kompong cham province, &#x1780;&#x17B6;&#x179A;&#x1782;&#x17D2;&#x179A;&#x1794;&#x17CB;&#x1782;&#x17D2;&#x179A;&#x1784; &#x1793;&#x17B7;&#x1784;&#x17A2;&#x1797;&#x17B7;&#x179C;&#x178C;&#x17D2;&#x1788;&#x1793;&#x17CD;&#x179F;&#x17A0;&#x1782;&#x1798;&#x1793;&#x17CD;&#x1793;&#x17C1;&#x179F;&#x17B6;&#x1791;&#x1793;&#x17C5;&#x17A2;&#x17B6;&#x1784;&#x1791;&#x17B9;&#x1780;&#x1787;&#x17D2;&#x179A;&#x17C4;&#x1799;&#x1785;&#x17C1;&#x1780; &#x179F;&#x17D2;&#x179A;&#x17BB;&#x1780;&#x1780;&#x17C6;&#x1796;&#x1784;&#x17CB;&#x179F;&#x17C0;&#x1798; &#x1781;&#x17C1;&#x178F;&#x17D2;&#x178F;&#x1780;&#x17C6;&#x1796;&#x1784;&#x17CB;&#x1785;&#x17B6;&#x1798;</subfield>
  </datafield>
  <datafield tag="260" ind1=" " ind2=" ">
    <subfield code="a">Phnom Penh</subfield>
    <subfield code="b">RUA</subfield>
    <subfield code="c">2004</subfield>
  </datafield>
  <datafield tag="300" ind1=" " ind2=" ">
    <subfield code="a">ix,47p.</subfield>
    <subfield code="b">ill.</subfield>
    <subfield code="c">29cm.</subfield>
  </datafield>
  <datafield tag="942" ind1=" " ind2=" ">
    <subfield code="2">ddc</subfield>
    <subfield code="c">ATM</subfield>
  </datafield>
  <datafield tag="999" ind1=" " ind2=" ">
    <subfield code="c">4415</subfield>
    <subfield code="d">4415</subfield>
  </datafield>
  <datafield tag="952" ind1=" " ind2=" ">
    <subfield code="0">0</subfield>
    <subfield code="1">0</subfield>
    <subfield code="2">ddc</subfield>
    <subfield code="4">0</subfield>
    <subfield code="6">ATM_PRA_2004_000000000000000_B201_OR_1</subfield>
    <subfield code="7">0</subfield>
    <subfield code="9">22785</subfield>
    <subfield code="a">LBB</subfield>
    <subfield code="b">LBB</subfield>
    <subfield code="c">B201</subfield>
    <subfield code="d">2015-12-11</subfield>
    <subfield code="l">1</subfield>
    <subfield code="m">1</subfield>
    <subfield code="o">ATM PRA 2004 B201 Or.1</subfield>
    <subfield code="p">RUA033430</subfield>
    <subfield code="r">2016-04-08</subfield>
    <subfield code="s">2016-03-04</subfield>
    <subfield code="w">2015-12-11</subfield>
    <subfield code="y">ATM</subfield>
  </datafield>
  <datafield tag="952" ind1=" " ind2=" ">
    <subfield code="0">0</subfield>
    <subfield code="1">0</subfield>
    <subfield code="2">ddc</subfield>
    <subfield code="4">0</subfield>
    <subfield code="6">ATM_PRA_2004_000000000000000_B201_OR_2</subfield>
    <subfield code="7">0</subfield>
    <subfield code="9">22786</subfield>
    <subfield code="a">LBB</subfield>
    <subfield code="b">LBB</subfield>
    <subfield code="c">B201</subfield>
    <subfield code="d">2015-12-11</subfield>
    <subfield code="o">ATM PRA 2004 B201 Or.2</subfield>
    <subfield code="p">RUA038797</subfield>
    <subfield code="r">2015-12-11</subfield>
    <subfield code="w">2015-12-11</subfield>
    <subfield code="y">ATM</subfield>
  </datafield>
  <datafield tag="952" ind1=" " ind2=" ">
    <subfield code="0">0</subfield>
    <subfield code="1">0</subfield>
    <subfield code="2">ddc</subfield>
    <subfield code="4">0</subfield>
    <subfield code="6">ATM_PRA_2004_000000000000000_B201_OR_3</subfield>
    <subfield code="7">0</subfield>
    <subfield code="9">22787</subfield>
    <subfield code="a">LBB</subfield>
    <subfield code="b">LBB</subfield>
    <subfield code="c">B201</subfield>
    <subfield code="d">2015-12-11</subfield>
    <subfield code="o">ATM PRA 2004 B201 Or.3</subfield>
    <subfield code="p">RUA038272</subfield>
    <subfield code="r">2015-12-11</subfield>
    <subfield code="w">2015-12-11</subfield>
    <subfield code="y">ATM</subfield>
  </datafield>
  <datafield tag="952" ind1=" " ind2=" ">
    <subfield code="0">0</subfield>
    <subfield code="1">0</subfield>
    <subfield code="2">ddc</subfield>
    <subfield code="4">0</subfield>
    <subfield code="6">ATM_PRA_2004_000000000000000_B201_OR_4</subfield>
    <subfield code="7">0</subfield>
    <subfield code="9">22788</subfield>
    <subfield code="a">LBB</subfield>
    <subfield code="b">LBB</subfield>
    <subfield code="c">B201</subfield>
    <subfield code="d">2015-12-11</subfield>
    <subfield code="o">ATM PRA 2004 B201 Or.4</subfield>
    <subfield code="p">RUA038430</subfield>
    <subfield code="r">2015-12-11</subfield>
    <subfield code="w">2015-12-11</subfield>
    <subfield code="y">ATM</subfield>
  </datafield>
  <datafield tag="952" ind1=" " ind2=" ">
    <subfield code="0">0</subfield>
    <subfield code="1">0</subfield>
    <subfield code="2">ddc</subfield>
    <subfield code="4">0</subfield>
    <subfield code="6">ATM_PRA_2004_000000000000000_B201_OR_5</subfield>
    <subfield code="7">0</subfield>
    <subfield code="9">22789</subfield>
    <subfield code="a">LBB</subfield>
    <subfield code="b">LBB</subfield>
    <subfield code="c">B201</subfield>
    <subfield code="d">2015-12-11</subfield>
    <subfield code="o">ATM PRA 2004 B201 Or.5</subfield>
    <subfield code="p">RUA038121</subfield>
    <subfield code="r">2015-12-11</subfield>
    <subfield code="w">2015-12-11</subfield>
    <subfield code="y">ATM</subfield>
  </datafield>
  <datafield tag="952" ind1=" " ind2=" ">
    <subfield code="0">0</subfield>
    <subfield code="1">0</subfield>
    <subfield code="2">ddc</subfield>
    <subfield code="4">0</subfield>
    <subfield code="6">ATM_PRA_2004_000000000000000_B201_OR_6</subfield>
    <subfield code="7">0</subfield>
    <subfield code="9">22790</subfield>
    <subfield code="a">LBB</subfield>
    <subfield code="b">LBB</subfield>
    <subfield code="c">B201</subfield>
    <subfield code="d">2015-12-11</subfield>
    <subfield code="o">ATM PRA 2004 B201 Or.6</subfield>
    <subfield code="p">RUA034693</subfield>
    <subfield code="r">2015-12-11</subfield>
    <subfield code="w">2015-12-11</subfield>
    <subfield code="y">ATM</subfield>
  </datafield>
  <datafield tag="952" ind1=" " ind2=" ">
    <subfield code="0">0</subfield>
    <subfield code="1">0</subfield>
    <subfield code="2">ddc</subfield>
    <subfield code="4">0</subfield>
    <subfield code="6">ATM_PRA_2004_000000000000000_B201_OR_7</subfield>
    <subfield code="7">0</subfield>
    <subfield code="9">22791</subfield>
    <subfield code="a">LBB</subfield>
    <subfield code="b">LBB</subfield>
    <subfield code="c">B201</subfield>
    <subfield code="d">2015-12-11</subfield>
    <subfield code="o">ATM PRA 2004 B201 Or.7</subfield>
    <subfield code="p">RUA034114</subfield>
    <subfield code="r">2015-12-11</subfield>
    <subfield code="w">2015-12-11</subfield>
    <subfield code="y">ATM</subfield>
  </datafield>
  <datafield tag="952" ind1=" " ind2=" ">
    <subfield code="0">0</subfield>
    <subfield code="1">0</subfield>
    <subfield code="2">ddc</subfield>
    <subfield code="4">0</subfield>
    <subfield code="6">ATM_PRA_2004_000000000000000_B201_OR_8</subfield>
    <subfield code="7">0</subfield>
    <subfield code="9">22792</subfield>
    <subfield code="a">LBB</subfield>
    <subfield code="b">LBB</subfield>
    <subfield code="c">B201</subfield>
    <subfield code="d">2015-12-11</subfield>
    <subfield code="o">ATM PRA 2004 B201 Or.8</subfield>
    <subfield code="p">RUA034799</subfield>
    <subfield code="r">2015-12-11</subfield>
    <subfield code="w">2015-12-11</subfield>
    <subfield code="y">ATM</subfield>
  </datafield>
  <datafield tag="952" ind1=" " ind2=" ">
    <subfield code="0">0</subfield>
    <subfield code="1">0</subfield>
    <subfield code="2">ddc</subfield>
    <subfield code="4">0</subfield>
    <subfield code="6">ATM_PRA_2004_000000000000000_B201_OR_9</subfield>
    <subfield code="7">0</subfield>
    <subfield code="9">22793</subfield>
    <subfield code="a">LBB</subfield>
    <subfield code="b">LBB</subfield>
    <subfield code="c">B201</subfield>
    <subfield code="d">2015-12-11</subfield>
    <subfield code="o">ATM PRA 2004 B201 Or.9</subfield>
    <subfield code="p">RUA034795</subfield>
    <subfield code="r">2015-12-11</subfield>
    <subfield code="w">2015-12-11</subfield>
    <subfield code="y">ATM</subfield>
  </datafield>
  <datafield tag="952" ind1=" " ind2=" ">
    <subfield code="0">0</subfield>
    <subfield code="1">0</subfield>
    <subfield code="2">ddc</subfield>
    <subfield code="4">0</subfield>
    <subfield code="6">ATM_PRA_2004_000000000000000_B201_OR_10</subfield>
    <subfield code="7">0</subfield>
    <subfield code="9">22794</subfield>
    <subfield code="a">LBB</subfield>
    <subfield code="b">LBB</subfield>
    <subfield code="c">B201</subfield>
    <subfield code="d">2015-12-11</subfield>
    <subfield code="o">ATM PRA 2004 B201 Or.10</subfield>
    <subfield code="p">RUA034789</subfield>
    <subfield code="r">2015-12-11</subfield>
    <subfield code="w">2015-12-11</subfield>
    <subfield code="y">ATM</subfield>
  </datafield>
</record>
